000
00462nam a2200181Ia 4500
008
151202s9999||||xx |||||||||||||| ||und||
082
_b
PNVM-53489
100
_a
वगळ अरुण.
245
_a
बिल्डर्स.
260
_b
---
260
_c
0
300
_a
0
600
_a
वगळ अरुण.
630
_a
बिल्डर्स.
700
_a
वगळ अरुण.
730
_a
बिल्डर्स.
942
_c
BOOK
999
_c
1320028
_d
1320025